000
00231nam a2200097Ia 4500
001
640143
005
20250826153442.0
008
250824s9999 xx 000 0 und d
245
0
_a
HZ ZEYNEP
_c
CİHAN AKTAŞ
260
_b
BEYAN YAYINLARI
999
_c
640143
_d
640143